000
00286nam a22001217a 4500
040
_c
HS
082
_a
636
100
_a
G.I.BARROW
245
_a
Cowan and steel's manual for the identification of medical bacteria
260
_a
American
_b
G.I.BARROW
_c
NA
300
_a
238p.
942
_c
EK
999
_c
8753
_d
8753